Inscripción de la resolución de un contrato: al registrador no le corresponde verificar si la obligación ha sido efectivamente incumplida (Registro nro. 22594)

000 -Cabecera
Campo de control interno 02082nam a2200229 4500
001 - Número de control
control field ESSALUD
005 - Fecha y hora de la última transacción
Campo de control 20260701115846.0
007 - Tipo material - Descripcion fisica - info general
Tipo material - Descripcion fisica - info general ta
008 - Elementos de Longitud Fija - Información General
Elementos de Longitud Fija - Información t pe ||||| |||| 00| 0 spa d
040 ## - Origen de la Catalogación
Origen de la Catalogación BMG
041 ## - Idioma
Idioma spa
100 ## - Autor
Autor Tribunal Registral
Rol del Autor Autor
9 (RLIN) 53048
245 ## - Titulo
Titulo Inscripción de la resolución de un contrato: al registrador no le corresponde verificar si la obligación ha sido efectivamente incumplida
300 ## - Páginas
Paginación páginas 32-45
520 ## - Resumen
Resumen Resulta procedente la inscripción de la resolución de un contrato siempre que cumpla con los presupuestos establecidos en la norma; es decir, se trate de una obligación establecida en forma clara y precisa no ejecutada dentro del plazo estipulado en el contrato, la intimación efectuada por la parte fiel a la infiel para que cumpla con la prestación y el incumplimiento de la parte infiel en el plazo establecido. Así, corresponde al registrador verificar la existencia de la obligación, así como la intimación y el transcurso del plazo otorgado, a efectos de lo cual deberá presentarse al Registro el original o insertar en la escritura pública de resolución de contrato, la carta notarial cursada por la parte fiel efectuando la intimación. Por lo tanto, para que pueda inscribirse la resolución del contrato, resulta necesario que exista una obligación que se manifiesta ha sido incumplida, siendo necesario para ello verificar la existencia de la obligación, así como las formalidades de la intimación. La verificación de si la obligación ha sido efectivamente incumplida, es un asunto que no le corresponde verificar al registrador, sino que bastará que el acreedor manifieste que ha ocurrido este incumplimiento para considerarlo registralmente como tal.
650 ## - Temas - Descriptores
Temas - Descriptores ESCRITURAS PUBLICAS
9 (RLIN) 53047
650 ## - Temas - Descriptores
Temas - Descriptores CONTRATOS PÚBLICOS
9 (RLIN) 190
650 ## - Temas - Descriptores
Temas - Descriptores CONTRATOS
9 (RLIN) 337
650 ## - Temas - Descriptores
Temas - Descriptores DERECHO REGISTRAL
9 (RLIN) 170
773 0# - Revista (Relacion con el numero)
Host Biblionumber 22573
Host Itemnumber 22621
Ciudad, Editorial Lima Grupo Praxis Formación Profesional, 2026-
Codigo barras item/ejemplar PRA002
Titulo de la Revista Praxis Civil & Procesal Civil
Número de control de registro ESSALUD
ISSN 3119-7671
942 ## - Elementos de Koha
Tipo de Documento Artículos
Fecha procesamiento 2026-07-01
Catalogador sqb

No hay ítems disponibles.